01619 a2200169 45000010006000000050017000060080041000230030015000640400040000790800065001192450044001842640037002283000019002655051119002841000027014037000019014303005420260407155611.0260407a1969 arg spa dAR-UNSa-BCEJYS aAR-UNSa-BCEJYSbspacAR-UNSa-BCEJYS a657.474.55xCostes directos e indirectos. Costes marginales 10aCostes standard y contabilidad marginal 1aBilbao :bEdiciones Deustoc1969 a388 p.c25 cm. a1. Desarrollo de los costes standard: Utilizaciones para la dirección - 2. Procedimiento contable de los costes standard: Plan parcial - 3. Procedimiento contable de los costes standard: Plan simple - 4. Costes standard y desviaciones: Materiales y trabajo - 5. Caso: Establecimiento de standard físicos y costes standard : Producción conjunta - 6. Presupuesto flexible de gastos: Informes de desviaciones - 7. Caso: Informes sobre la eficiencia en el trabajo y en los gastos (fabricación de aparatos eléctricos: plan simple) - 8. Existencias: Disposición de las desviaciones - 9. Costes directos - 10. Análisis de la contribución al beneficio: Coste standard directo - 11. La información en el sistema de costes standard directos - 12. Utilización del coste standard directo en los presupuestos a corto plazo - 13. Costes de distribución: Standard y presupuesto - 14. Procedimiento contable de costes standard: Plan dual - 15. Plan dual: Cargo a producto en curso a costes normales y standard - 16. Caso: Predeterminación de los costes de una imprenta de catálogos y revistas: Plan dual.1 aGillespie, Cecil Merle1 aLanda, Jesús